000 01134nam a22002297a 4500
005 20110913152830.0
008 110913t xxu||||| |||| 00| 0 mar d
010 _aMAR-21296
020 _a9788192070711
_c130.00
035 _aMR-13954
037 _bDBAD/PUB
040 _aDPL
_bMR
082 _a158.1
100 _aयुसूफ पठाण
_934729
245 _aजिंकण्यासाठी जन्म आपुला /
_cयुसूफ पठाण
246 _aJinkanyasathi janam apula
_bby Yusuf pathan
260 _aपुणे
_bइव्हॉल्व पब्लिकेशन
_c2011
270 _a' शिरीन ',रो हाऊस नं.12,कपिल वूड रो इस्टेट,आझादनगर,वानखडी,
_bपुणे
_e411022
300 _aदहा,152पृ.
_c21सेमी(अजिल्द)
_bसचित्र
942 _2ddc
_cMR
_mयुसूफ
_h158.1
999 _c56602
_d56602